Pereda o la novela idilio
Gespeichert in:
| 1. Verfasser: | |
|---|---|
| Format: | Buch |
| Sprache: | Spanisch |
| Veröffentlicht: |
Madrid
Castalia
1969
|
| Schriftenreihe: | Estudios Sobre la Novela Española del Siglo XIX
|
| Schlagworte: | |
| Tags: |
Tag hinzufügen
Keine Tags, Fügen Sie den ersten Tag hinzu!
|
MARC
| LEADER | 00000nam a2200000 a 4500 | ||
|---|---|---|---|
| 001 | UCT6647 | ||
| 003 | CL-VaPUC | ||
| 008 | 970113e19690000SP |||||||||||||||||spa|d | ||
| 082 | 0 | 4 | |a 863.09 |b MON |2 21 |
| 100 | |a Montesinos, José F. |e autor |9 378357 | ||
| 245 | 1 | 0 | |a Pereda o la novela idilio |
| 300 | |a 309 p | ||
| 942 | |c BK | ||
| 945 | |d 19970113 00:00:00 |a rleighto | ||
| 260 | |a Madrid |b Castalia |c 1969 | ||
| 600 | 0 | 7 | |a PEREDA, JOSE MARIA DE |2 CL-VaPUC |9 376902 |
| 650 | 7 | |a NOVELA ESPAÑOLA |2 CL-VaPUC |9 313139 | |
| 650 | 0 | |a Literatura española |9 306261 | |
| 650 | 0 | |a Crítica e interpretación |9 255042 | |
| 650 | 0 | |a Crítica literaria |9 269189 | |
| 583 | |a last modification |c 19970113 00:00:00 |k Rodrigo Vera | ||
| 490 | 0 | |a Estudios Sobre la Novela Española del Siglo XIX | |
| 999 | |c 255329 |d 255327 | ||
| 952 | |0 0 |1 0 |4 0 |6 863_090000000000000_MON_1969 |7 0 |8 A |9 277536 |a BIBEDU |b BIBEDU |d 2019-11-19 |i 3273806 |o 863.09 MON 1969 |p 3273806 |r 2019-11-19 |w 2019-11-19 |y BK |k LIT | ||